| 000 | 00562nam a22001217a 4500 | ||
|---|---|---|---|
| 040 | _cRUA | ||
| 082 | _aAGR PON 2024 B542 Or.1 | ||
| 100 | _aPON VIKAT, ប៉ុន វិក័តិ | ||
| 245 | _aComparison Of Different Fertilizer On Growth And Yield Of Cardamom, ការប្រៀបធៀបការប្រើប្រាស់ជីផ្សេងៗគ្នាទៅលើការលូតលាស់និងទិន្នផលដំណាំក្រវាញ | ||
| 260 |
_aPHNOM PENH _bRUA _c2024 |
||
| 300 |
_ax, _bill, _c29cm, |
||
| 942 | _cAGR | ||
| 999 |
_c25309 _d25309 |
||